000 00291nam a2200133 4500
999 _c9431
_d9431
003 OSt
005 20210420120337.0
008 210420b ||||| |||| 00| 0 eng d
020 _a9788469732618
082 _a724.7
100 _aKen martimer
245 _aa+t complex buildings
942 _2ddc